[Event "EU-chT Seniors 10th"]
[Site "Dresden"]
[Date "2008.02.17"]
[Round "7.4"]
[White "Monte, Peter"]
[Black "Mueller Using, Detlev"]
[Result "0-1"]
[WhiteElo "2086"]
[BlackElo "2077"]
[PlyCount "84"]
[EventDate "2008.02.11"]
[EventType "team-swiss"]
[EventRounds "9"]
[EventCountry "GER"]
[SourceTitle "CBM 122 Extra"]
[Source "ChessBase"]
[SourceDate "2008.03.04"]
[SourceVersion "1"]
[SourceVersionDate "2008.03.04"]
[SourceQuality "1"]
[WhiteTeam "Den Haag"]
[BlackTeam "Rhein Sieg"]
[WhiteTeamCountry "NED"]
[BlackTeamCountry "GER"]

1. f4 Nf6 2. Nf3 g6 3. d3 d5 4. e3 Bg7 5. Be2 c5 6. 0-0 Nc6 7. a4 0-0 8. Qe1 Bg4 9. Qh4 Qd6 10. Nc3 a6 11. e4 dxe4 12. dxe4 e5 13. fxe5 Nxe5 14. Bg5 Bxf3 15. gxf3 Qe6 16. Rad1 Nc6 17. b3 Qe5 18. Rd3 Nd4 19. Bd1 Qe6 20. f4 Nxe4 21. Re1 f5 22. Rde3 Nxg5 23. fxg5 Qd6 24. Rh3 Kf7 25. Ne2 Rae8 26. c3 Re4 27. Qf2 Nxe2+ 28. Bxe2 Rfe8 29. Bc4+ Kf8 30. Rxe4 Rxe4 31. Rd3 Qe7 32. Kf1 Be5 33. Qd2 Rf4+ 34. Kg2 Qxg5+ 35. Rg3 Qe7 36. Qd5 Kg7 37. Qg8+ Kh6 38. Rh3+ Rh4 39. Rxh4+ Qxh4 40. Qf8+ Bg7 41. Qxc5 Qe4+ 42. Kf2 Bxc3 0-1

[Event "EU-chT Seniors 10th"]
[Site "Dresden"]
[Date "2008.02.14"]
[Round "4.4"]
[White "Mueller Using, Detlev"]
[Black "Brueggemann, Hans"]
[Result "1-0"]
[WhiteElo "2077"]
[BlackElo "1993"]
[PlyCount "85"]
[EventDate "2008.02.11"]
[EventType "team-swiss"]
[EventRounds "9"]
[EventCountry "GER"]
[SourceTitle "CBM 122 Extra"]
[Source "ChessBase"]
[SourceDate "2008.03.04"]
[SourceVersion "1"]
[SourceVersionDate "2008.03.04"]
[SourceQuality "1"]
[WhiteTeam "Rhein Sieg"]
[BlackTeam "Bremen"]
[WhiteTeamCountry "GER"]
[BlackTeamCountry "GER"]

1. e4 e5 2. Nc3 Nf6 3. f4 d6 4. Nf3 Nbd7 5. d4 Qe7 6. Bc4 h6 7. 0-0 exd4 8. Qxd4 Nb6 9. Bb3 Be6 10. Nd5 Qd8 11. Bd2 c5 12. Qd3 Nfxd5 13. exd5 Bg4 14. Rae1+ Be7 15. Qe4 c4 16. Bxc4 Nxc4 17. Qxc4 0-0 18. Qe4 Bxf3 19. Rxf3 Bf6 20. b3 Qd7 21. Rfe3 Rac8 22. c4 b5 23. Bc3 Bxc3 24. Rxc3 Rce8 25. Qb1 b4 26. Rce3 Rxe3 27. Rxe3 a5 28. Qe1 Qa7 29. Kf1 Qd4 30. Re4 Qb2 31. Qe2 Qa1+ 32. Kf2 Qf6 33. g3 g5 34. Kg2 Kg7 35. Qd2 Qf5 36. Qd4+ f6 37. Re6 g4 38. Qe4 Qh5 39. Re7+ Rf7 40. Qe6 Kf8 41. Rxf7+ Qxf7 42. Qxf7+ Kxf7 43. f5 1-0

[Event "EU-chT Seniors 10th"]
[Site "Dresden"]
[Date "2008.02.13"]
[Round "3.4"]
[White "Mueller Using, Detlev"]
[Black "Olgag, Kahraman"]
[Result "1-0"]
[WhiteElo "2077"]
[BlackElo "2131"]
[PlyCount "75"]
[EventDate "2008.02.11"]
[EventType "team-swiss"]
[EventRounds "9"]
[EventCountry "GER"]
[SourceTitle "CBM 122 Extra"]
[Source "ChessBase"]
[SourceDate "2008.03.04"]
[SourceVersion "1"]
[SourceVersionDate "2008.03.04"]
[SourceQuality "1"]
[WhiteTeam "Rhein Sieg"]
[BlackTeam "Turkey"]
[WhiteTeamCountry "GER"]
[BlackTeamCountry "TUR"]

1. e4 d6 2. d4 Nf6 3. f3 e5 4. d5 Be7 5. Be3 0-0 6. c4 c5 7. Nc3 Nbd7 8. Nh3 h6 9. Qd2 Kh7 10. 0-0-0 Qa5 11. Kb1 a6 12. g4 Ng8 13. Nf2 Rb8 14. h4 g6 15. Bd3 b5 16. g5 h5 17. Nh3 bxc4 18. Bxc4 Nb6 19. Be2 Bxh3 20. Rxh3 Rb7 21. Ka1 Rfb8 22. Rb1 Na8 23. f4 f6 24. f5 fxg5 25. hxg5 Qd8 26. fxg6+ Kxg6 27. Bxh5+ Kg7 28. Qf2 Bf8 29. Rf3 Qe7 30. Rf7+ Qxf7 31. Bxf7 Rxf7 32. Qh4 Be7 33. Rh1 Nb6 34. Qh8+ Kf8 35. g6 Rg7 36. Bh6 Bf6 37. Bxg7+ Bxg7 38. Rf1+ 1-0

[Event "EU-chT Seniors 10th"]
[Site "Dresden"]
[Date "2008.02.11"]
[Round "1.4"]
[White "Saharinen, Petri"]
[Black "Mueller Using, Detlev"]
[Result "1/2-1/2"]
[WhiteElo "1825"]
[BlackElo "2077"]
[PlyCount "93"]
[EventDate "2008.02.11"]
[EventType "team-swiss"]
[EventRounds "9"]
[EventCountry "GER"]
[SourceTitle "CBM 122 Extra"]
[Source "ChessBase"]
[SourceDate "2008.03.04"]
[SourceVersion "1"]
[SourceVersionDate "2008.03.04"]
[SourceQuality "1"]
[WhiteTeam "Finland (Seniors) II"]
[BlackTeam "Rhein Sieg"]
[WhiteTeamCountry "FIN"]
[BlackTeamCountry "GER"]

1. d4 c5 2. d5 e5 3. c4 d6 4. Nc3 Ne7 5. e4 Ng6 6. g3 Be7 7. Bh3 Bxh3 8. Nxh3 Qd7 9. Qa4 Qxa4 10. Nxa4 Na6 11. a3 0-0 12. Nc3 Nc7 13. 0-0 Rab8 14. f4 Bf6 15. f5 Ne7 16. g4 h6 17. g5 hxg5 18. Bxg5 b5 19. cxb5 Nxb5 20. Nxb5 Rxb5 21. Bxf6 gxf6 22. Rab1 Rfb8 23. Rf2 Rb3 24. Kg2 Re3 25. Rg1 Kh7 26. Rf3 Rxb2+ 27. Nf2 Rxf3 28. Kxf3 Rb3+ 29. Ke2 Rxa3 30. Ng4 Ng8 31. Kd2 Ra4 32. Kd3 a5 33. Rc1 Rd4+ 34. Ke3 a4 35. Ra1 Rb4 36. Kd3 Kg7 37. h4 Nh6 38. Nf2 Kf8 39. Nd1 Ng4 40. Nc3 Rd4+ 41. Ke2 Rc4 42. Ra3 Ke7 43. Kf3 Nh6 44. Nxa4 Rb4 45. Nc3 c4 46. Ra4 Rxa4 47. Nxa4 1/2-1/2

[Event "EU-chT Seniors 09th"]
[Site "Dresden"]
[Date "2007.02.18"]
[Round "3"]
[White "Mueller Using, Detlev"]
[Black "Jentsch, Dieter"]
[Result "1/2-1/2"]
[WhiteElo "2074"]
[BlackElo "2176"]
[PlyCount "52"]
[EventDate "2007.02.16"]
[EventType "team-swiss"]
[EventRounds "9"]
[EventCountry "GER"]
[SourceTitle "CBM 117 Extra"]
[Source "ChessBase"]
[SourceDate "2007.05.09"]
[SourceVersion "1"]
[SourceVersionDate "2007.05.09"]
[SourceQuality "1"]

1. e4 e6 2. d4 d5 3. Nc3 Bb4 4. Nge2 dxe4 5. a3 Be7 6. Nxe4 Nf6 7. N2g3 b6 8. Bb5+ c6 9. Be2 Bb7 10. 0-0 0-0 11. Bf3 Nbd7 12. c4 Qc7 13. Nc3 Rad8 14. Be3 e5 15. Nf5 Rfe8 16. Nxe7+ Rxe7 17. d5 Nc5 18. Bxc5 bxc5 19. Qd3 cxd5 20. cxd5 c4 21. Qc2 Nxd5 22. Bxd5 Bxd5 23. Rfd1 Bc6 24. Ne4 Rxd1+ 25. Rxd1 Rd7 26. Rc1 Qd8 1/2-1/2

[Event "Hessen-ch Seniors op 02nd"]
[Site "Bad Sooden-Allendorf"]
[Date "2006.04.27"]
[Round "3"]
[White "Bierwisch, Bernhard"]
[Black "Mueller Using, Detlev"]
[Result "1-0"]
[WhiteElo "2118"]
[BlackElo "1862"]
[PlyCount "95"]
[EventDate "2006.04.25"]
[EventType "swiss"]
[EventRounds "9"]
[EventCountry "GER"]
[SourceTitle "EXT 2007"]
[Source "ChessBase"]
[SourceDate "2006.11.23"]
[SourceVersion "1"]
[SourceVersionDate "2006.11.23"]
[SourceQuality "1"]

1. e4 e5 2. Nf3 Nc6 3. Bb5 Bc5 4. 0-0 Nd4 5. Nxd4 Bxd4 6. c3 Bb6 7. d4 c6 8. Ba4 d6 9. Qd3 Nf6 10. Bg5 h6 11. Bh4 g5 12. Bg3 Qe7 13. Nd2 Bd7 14. dxe5 dxe5 15. Nc4 Bc7 16. Bb3 0-0-0 17. Qe3 Kb8 18. a4 Be6 19. a5 Bxc4 20. Bxc4 Nh5 21. b4 Rd6 22. b5 cxb5 23. Bxb5 Rhd8 24. Rfb1 Nf4 25. Bxf4 gxf4 26. Qf3 Qg5 27. Bc4 Qg6 28. Ra2 Rd2 29. Ra4 Qd6 30. Bd5 b6 31. c4 Qc5 32. Raa1 f6 33. Rb5 Qd4 34. Rab1 Rd3 35. Qe2 Rd2 36. Qe1 Rd6 37. c5 Rxd5 38. exd5 e4 39. axb6 axb6 40. d6 e3 41. dxc7+ Kc8 42. fxe3 fxe3 43. cxb6 e2+ 44. Kh1 Rd1 45. b7+ Kxc7 46. b8Q+ Kd7 47. Rb7+ Ke6 48. Rxd1 1-0

[Event "Hessen-ch Seniors op 02nd"]
[Site "Bad Sooden-Allendorf"]
[Date "2006.04.26"]
[Round "2"]
[White "Mueller Using, Detlev"]
[Black "Raedeker, Bernd"]
[Result "1/2-1/2"]
[WhiteElo "1862"]
[BlackElo "2174"]
[PlyCount "85"]
[EventDate "2006.04.25"]
[EventType "swiss"]
[EventRounds "9"]
[EventCountry "GER"]
[SourceTitle "EXT 2007"]
[Source "ChessBase"]
[SourceDate "2006.11.23"]
[SourceVersion "1"]
[SourceVersionDate "2006.11.23"]
[SourceQuality "1"]

1. e4 e6 2. d4 d5 3. exd5 exd5 4. Bd3 Nc6 5. c3 Bd6 6. Qf3 Be6 7. Ne2 Qh4 8. Bf4 0-0-0 9. Nd2 Nge7 10. g3 Qh3 11. Ng1 Qg4 12. Bxd6 Rxd6 13. Qxg4 Bxg4 14. f3 Bf5 15. Bb5 Re6+ 16. Kf2 a6 17. Bxc6 Nxc6 18. Ne2 g5 19. g4 Bd3 20. Ng3 h5 21. gxh5 f5 22. Rhe1 Rxe1 23. Rxe1 f4 24. Ngf1 Kd7 25. Nb3 b6 26. Nc1 Bf5 27. Rd1 Rxh5 28. Nd3 Kd6 29. Nb4 Nb8 30. Nd3 Nd7 31. Nc1 Rh8 32. Re1 c5 33. Nb3 Bd3 34. Kg1 Nf6 35. Nc1 Bb5 36. Ne2 Bd7 37. Nd2 Nh5 38. Kg2 Ng7 39. c4 Nf5 40. dxc5+ bxc5 41. cxd5 Ne3+ 42. Kg1 Kxd5 43. Ne4 1/2-1/2

[Event "Hessen-ch Seniors op 01st"]
[Site "Bad Sooden-Allendorf"]
[Date "2005.04.27"]
[Round "6"]
[White "Mueller Using, Detlev"]
[Black "Jung, Michael"]
[Result "1/2-1/2"]
[WhiteElo "1871"]
[BlackElo "1676"]
[PlyCount "78"]
[EventDate "2005.04.22"]
[EventType "swiss"]
[EventRounds "9"]
[EventCountry "GER"]
[SourceTitle "EXT 2007"]
[Source "ChessBase"]
[SourceDate "2006.11.23"]
[SourceVersion "1"]
[SourceVersionDate "2006.11.23"]
[SourceQuality "1"]

1. c4 c5 2. Nf3 Nc6 3. d4 cxd4 4. Nxd4 g6 5. e4 Bg7 6. Nc2 d6 7. Be2 Nf6 8. Nc3 0-0 9. h4 Ne5 10. h5 Bg4 11. hxg6 fxg6 12. f3 Be6 13. b3 Nh5 14. Bd2 Qb6 15. Be3 Qa5 16. b4 Qd8 17. Nd5 a5 18. Nd4 Bxd5 19. cxd5 Rf7 20. Ne6 Qb8 21. g4 Ng3 22. Rh3 Nxe2 23. Kxe2 axb4 24. Ng5 Qe8 25. Nxf7 Kxf7 26. Rxh7 Qb5+ 27. Kf2 Kg8 28. Rh3 Nd3+ 29. Kg2 Bxa1 30. Qxa1 Ne5 31. Bf2 Rf8 32. Qh1 Kf7 33. Qc1 Qc4 34. Rh7+ Ke8 35. Qg5 Rf7 36. Rh8+ Kd7 37. Qe3 Rxf3 38. Qb6 Rxf2+ 39. Kxf2 Qc2+ 1/2-1/2

[Event "Hessen-ch Seniors op 01st"]
[Site "Bad Sooden-Allendorf"]
[Date "2005.04.26"]
[Round "5"]
[White "Kampfrath, Siegfried"]
[Black "Mueller Using, Detlev"]
[Result "1/2-1/2"]
[WhiteElo "1675"]
[BlackElo "1871"]
[PlyCount "88"]
[EventDate "2005.04.22"]
[EventType "swiss"]
[EventRounds "9"]
[EventCountry "GER"]
[SourceTitle "EXT 2007"]
[Source "ChessBase"]
[SourceDate "2006.11.23"]
[SourceVersion "1"]
[SourceVersionDate "2006.11.23"]
[SourceQuality "1"]

1. e4 d5 2. exd5 Nf6 3. d4 Qxd5 4. c4 Qd6 5. Nc3 c6 6. Nf3 Bf5 7. Bd3 Bg6 8. h3 e6 9. Be3 Nbd7 10. Qd2 Bxd3 11. Qxd3 Be7 12. 0-0-0 b6 13. a3 a5 14. g3 Qc7 15. Bf4 Qb7 16. Rhe1 0-0 17. g4 Rfc8 18. Kb1 Qa6 19. Ne5 Ra7 20. Nxd7 Rxd7 21. d5 cxd5 22. cxd5 Qxd3+ 23. Rxd3 Nxd5 24. Nxd5 exd5 25. Be3 b5 26. Red1 b4 27. a4 Bd8 28. Rxd5 Rxd5 29. Rxd5 f6 30. Rc5 Rxc5 31. Bxc5 Kf7 32. b3 Ke6 33. f3 Kd5 34. Be3 g6 35. Kc2 h5 36. Kd3 Bc7 37. Bd2 f5 38. gxh5 gxh5 39. Bg5 Bb6 40. Bf6 Bc7 41. Bg5 f4 42. Bh4 Bb6 43. Bg5 Bc7 44. Bh4 Bb6 1/2-1/2

[Event "EU-chT Seniors 07th"]
[Site "Dresden"]
[Date "2005.02.23"]
[Round "6"]
[White "Mueller Using, Detlev"]
[Black "Wilson, Peter JB"]
[Result "1-0"]
[WhiteElo "2062"]
[BlackElo "2123"]
[PlyCount "49"]
[EventDate "2005.02.18"]
[EventType "team-swiss"]
[EventRounds "8"]
[EventCountry "GER"]
[SourceTitle "EXT 2006"]
[Source "ChessBase"]
[SourceDate "2005.11.24"]
[SourceVersion "1"]
[SourceVersionDate "2005.11.24"]
[SourceQuality "1"]

1. e4 c5 2. Nf3 e6 3. d4 cxd4 4. Nxd4 a6 5. Nc3 Qc7 6. Be2 Nc6 7. Be3 Bb4 8. f4 Nf6 9. Bf3 d5 10. e5 Ne4 11. Bxe4 dxe4 12. Qg4 0-0 13. Nde2 Ne7 14. 0-0-0 b5 15. Nxe4 Bb7 16. N2c3 Rac8 17. Rd7 Qc6 18. Rhd1 Nf5 19. R7d3 Nxe3 20. Rxe3 Bxc3 21. bxc3 Kh8 22. Rg3 Rg8 23. Ng5 h6 24. Nxf7+ Kh7 25. Qg6# 1-0

[Event "EU-chT Seniors 07th"]
[Site "Dresden"]
[Date "2005.02.21"]
[Round "4"]
[White "Mueller Using, Detlev"]
[Black "Packroff, Hermann"]
[Result "1/2-1/2"]
[WhiteElo "2062"]
[BlackElo "2262"]
[PlyCount "59"]
[EventDate "2005.02.18"]
[EventType "team-swiss"]
[EventRounds "8"]
[EventCountry "GER"]
[SourceTitle "EXT 2006"]
[Source "ChessBase"]
[SourceDate "2005.11.24"]
[SourceVersion "1"]
[SourceVersionDate "2005.11.24"]
[SourceQuality "1"]

1. c4 Nf6 2. Nc3 d5 3. cxd5 Nxd5 4. g3 g6 5. Bg2 Nxc3 6. bxc3 Bg7 7. Qb3 Nd7 8. d4 Nb6 9. e4 0-0 10. Ba3 Bd7 11. Ne2 Re8 12. Bc5 Ba4 13. Qa3 Qd7 14. 0-0 Bb5 15. Rfe1 Nc4 16. Qc1 b6 17. Ba3 e5 18. Bb2 Nxb2 19. Qxb2 Bxe2 20. Qxe2 exd4 21. Qd3 Rad8 22. c4 c5 23. a4 Qc7 24. Reb1 Rb8 25. Ra2 Qd7 26. a5 bxa5 27. Rba1 Rb6 28. Rxa5 Reb8 29. Rxa7 Qc8 30. R1a3 1/2-1/2

[Event "EU-chT Seniors 07th"]
[Site "Dresden"]
[Date "2005.02.19"]
[Round "2"]
[White "Mueller Using, Detlev"]
[Black "Meier, Wolfgang"]
[Result "0-1"]
[WhiteElo "2062"]
[BlackElo "2159"]
[PlyCount "88"]
[EventDate "2005.02.18"]
[EventType "team-swiss"]
[EventRounds "8"]
[EventCountry "GER"]
[SourceTitle "EXT 2006"]
[Source "ChessBase"]
[SourceDate "2005.11.24"]
[SourceVersion "1"]
[SourceVersionDate "2005.11.24"]
[SourceQuality "1"]

1. e4 c5 2. Nf3 d6 3. d4 cxd4 4. Nxd4 Nf6 5. Nc3 a6 6. Bg5 e6 7. f4 Qb6 8. Qd2 Qxb2 9. Nb3 Qa3 10. Rd1 Nc6 11. Be2 Qb4 12. Bf3 Be7 13. 0-0 Qb6+ 14. Kh1 Qc7 15. Nd4 Nxd4 16. Qxd4 e5 17. Qd3 Be6 18. Be2 Rc8 19. Bxf6 gxf6 20. Nd5 Qxc2 21. Qe3 Rc5 22. Rc1 exf4 23. Nxf4 Qxa2 24. Ra1 Qb3 25. Qf2 Rg8 26. Rab1 Qc2 27. Nxe6 fxe6 28. Rxb7 Rg6 29. Qe3 Kf8 30. h3 a5 31. Rfb1 Rc7 32. R7b2 Qc5 33. Qf4 Qe5 34. Rb8+ Kg7 35. Qd2 Rg3 36. Bf3 Qg5 37. Qf2 Qe5 38. Ra8 Rg5 39. Rbb8 Qa1+ 40. Kh2 Qe5+ 41. g3 Rc2 42. Rg8+ Kh6 43. Qxc2 Qxg3+ 44. Kh1 Qg1# 0-1

[Event "EU-chT Seniors 07th"]
[Site "Dresden"]
[Date "2005.02.18"]
[Round "1"]
[White "Hoen, Ragnar Harald"]
[Black "Mueller Using, Detlev"]
[Result "1-0"]
[WhiteElo "2271"]
[BlackElo "2062"]
[PlyCount "55"]
[EventDate "2005.02.18"]
[EventType "team-swiss"]
[EventRounds "8"]
[EventCountry "GER"]
[SourceTitle "EXT 2006"]
[Source "ChessBase"]
[SourceDate "2005.11.24"]
[SourceVersion "1"]
[SourceVersionDate "2005.11.24"]
[SourceQuality "1"]

1. e4 d5 2. exd5 Nf6 3. Bb5+ Bd7 4. Bc4 b5 5. Bb3 Bg4 6. f3 Bf5 7. d4 Nxd5 8. Ne2 e6 9. Ng3 Qh4 10. Bxd5 exd5 11. 0-0 Be6 12. f4 g6 13. Nd2 Bd6 14. Nf3 Qg4 15. Qd3 Nd7 16. Ne5 Bxe5 17. fxe5 g5 18. Be3 a6 19. a4 b4 20. b3 0-0 21. Nf5 Bxf5 22. Rxf5 h6 23. Raf1 a5 24. Bxg5 hxg5 25. Qe3 f6 26. exf6 Qe4 27. Rxg5+ Kf7 28. Rg7+ 1-0

[Event "Rhoen/Bad Bocklet Seniors op-A 5th"]
[Site "Bad Bocklet"]
[Date "2004.11.18"]
[Round "1"]
[White "Mueller Using, Detlev"]
[Black "Ljubarskij, Jurij"]
[Result "0-1"]
[WhiteElo "1898"]
[BlackElo "2229"]
[PlyCount "98"]
[EventDate "2004.07.09"]
[EventType "swiss"]
[EventRounds "9"]
[EventCountry "GER"]
[SourceTitle "EXT 2006"]
[Source "ChessBase"]
[SourceDate "2005.11.24"]
[SourceVersion "1"]
[SourceVersionDate "2005.11.24"]
[SourceQuality "1"]

1. e4 e5 2. Nc3 Nc6 3. f4 exf4 4. Nf3 g5 5. Bc4 Bg7 6. 0-0 d6 7. d4 Bg4 8. e5 dxe5 9. d5 Nd4 10. Re1 Bxf3 11. Qxd4 Qe7 12. Bb5+ c6 13. Qd3 Qc5+ 14. Kf1 cxb5 15. gxf3 Qc4 16. Nxb5 Qxd3+ 17. cxd3 Kd7 18. Bd2 Ne7 19. d6 Nc6 20. Bc3 a6 21. Na3 b5 22. Nc2 Kxd6 23. d4 exd4 24. Rad1 Rhe8 25. Nxd4 Rxe1+ 26. Kxe1 Bxd4 27. Bxd4 Nxd4 28. Rxd4+ Ke6 29. Re4+ Kf5 30. Re7 Kf6 31. Rc7 Re8+ 32. Kf2 h5 33. Rc6+ Re6 34. Rc5 Kg6 35. h3 f5 36. Rc8 g4 37. Rg8+ Kf7 38. Rg5 g3+ 39. Kf1 Kf6 40. Rxh5 Re3 41. Rh6+ Ke5 42. Kg2 Re2+ 43. Kg1 a5 44. b4 Rxa2 45. Rb6 a4 46. Rxb5+ Kd4 47. Rc5 a3 48. h4 Rb2 49. Ra5 a2 0-1

[Event "Eifel op 1st"]
[Site "Schleiden Gmuend"]
[Date "2004.06.14"]
[Round "7"]
[White "Vossen, Klaus"]
[Black "Mueller Using, Detlev"]
[Result "0-1"]
[WhiteElo "2231"]
[BlackElo "2044"]
[PlyCount "78"]
[EventDate "2004.05.29"]
[EventType "swiss"]
[EventRounds "7"]
[EventCountry "GER"]
[SourceTitle "EXT 2006"]
[Source "ChessBase"]
[SourceDate "2005.11.24"]
[SourceVersion "1"]
[SourceVersionDate "2005.11.24"]
[SourceQuality "1"]

1. d4 Nf6 2. c4 g6 3. Nc3 Bg7 4. Nf3 0-0 5. g3 d6 6. Bg2 Nc6 7. 0-0 a6 8. h3 e5 9. d5 Na5 10. Nd2 c5 11. Kh2 Bd7 12. Qc2 b5 13. b3 bxc4 14. bxc4 Rb8 15. Ba3 Nh5 16. Rab1 Qc7 17. e3 f5 18. Rb2 Rxb2 19. Bxb2 Rb8 20. Ba3 g5 21. Rb1 Nf6 22. Bf3 h5 23. Be2 g4 24. h4 Bh6 25. Rg1 Kg7 26. Kh1 Nb7 27. Kh2 Nd8 28. Kh1 Nf7 29. Bd3 e4 30. Be2 Ne5 31. Rd1 Be8 32. Re1 Nfd7 33. Rc1 Nf3 34. Bb2 Kh7 35. Rb1 Nde5 36. Ba1 Qd8 37. Rxb8 Qxb8 38. Qb2 Qc7 39. Kg2 Bg7 0-1

[Event "Niedersachsen-ch Seniors 38th"]
[Site "Wingst"]
[Date "2004.03.22"]
[Round "7"]
[White "Mueller Using, Detlev"]
[Black "Merettig, Georg"]
[Result "1-0"]
[WhiteElo "2044"]
[BlackElo "1956"]
[PlyCount "63"]
[EventDate "2004.03.16"]
[EventType "swiss"]
[EventRounds "9"]
[EventCountry "GER"]
[SourceTitle "EXT 2006"]
[Source "ChessBase"]
[SourceDate "2005.11.24"]
[SourceVersion "1"]
[SourceVersionDate "2005.11.24"]
[SourceQuality "1"]

1. e4 c5 2. Nf3 b6 3. d4 cxd4 4. Nxd4 Bb7 5. Nc3 e5 6. Nf5 Ba6 7. Bb5 Bxb5 8. Nxb5 Nc6 9. 0-0 Bc5 10. Nxg7+ Kf8 11. Nf5 h5 12. Be3 Be7 13. f4 Nf6 14. fxe5 Nxe5 15. Nbd6 Nfg4 16. Bf4 Qc7 17. Qd5 Qc5+ 18. Qxc5 bxc5 19. h3 Ng6 20. hxg4 Nxf4 21. Rxf4 Bg5 22. Rf3 hxg4 23. Rc3 Bf4 24. g3 Be5 25. Rxc5 f6 26. Rc7 Rd8 27. Rd1 a5 28. Ra7 Rh5 29. Nb7 Rb8 30. Rxd7 Bxb2 31. Nbd6 Rxf5 32. Rf7+ 1-0

[Event "Niedersachsen-ch Seniors 38th"]
[Site "Wingst"]
[Date "2004.03.19"]
[Round "4"]
[White "Fries, Karl Heinz"]
[Black "Mueller Using, Detlev"]
[Result "0-1"]
[WhiteElo "1935"]
[BlackElo "2044"]
[PlyCount "80"]
[EventDate "2004.03.16"]
[EventType "swiss"]
[EventRounds "9"]
[EventCountry "GER"]
[SourceTitle "EXT 2006"]
[Source "ChessBase"]
[SourceDate "2005.11.24"]
[SourceVersion "1"]
[SourceVersionDate "2005.11.24"]
[SourceQuality "1"]

1. e4 c5 2. Nf3 e6 3. d4 cxd4 4. Nxd4 Nf6 5. Bd3 Nc6 6. Nb3 d5 7. Qe2 dxe4 8. Bxe4 Qc7 9. 0-0 Be7 10. Nc3 0-0 11. Nb5 Qe5 12. Nc3 Nxe4 13. Qxe4 Rd8 14. a3 Qxe4 15. Nxe4 b6 16. Bf4 Ba6 17. Rfd1 Be2 18. Rd2 Rxd2 19. Nexd2 Bf6 20. c3 Rd8 21. Re1 Bd3 22. Nc1 Bc2 23. Kf1 e5 24. Be3 Ne7 25. Ndb3 Nf5 26. Na1 Nxe3+ 27. fxe3 Be4 28. g3 Bf5 29. Nab3 a5 30. Ne2 a4 31. Nbc1 Be6 32. Ng1 Rd2 33. Nf3 Bh3+ 34. Kg1 Rg2+ 35. Kh1 Rxb2 36. Ne2 Ra2 37. Nfg1 Bf5 38. h3 Be4+ 39. Kh2 g6 40. Rd1 Be7 0-1

[Event "GER North-ch Seniors 6th"]
[Site "Bad Bevensen"]
[Date "2003.06.29"]
[Round "9"]
[White "Zunker, Reinhard"]
[Black "Mueller Using, Detlev"]
[Result "1-0"]
[WhiteElo "2182"]
[BlackElo "1881"]
[PlyCount "105"]
[EventDate "2003.06.??"]
[EventType "swiss"]
[EventRounds "9"]
[EventCountry "GER"]
[SourceTitle "EXT 2006"]
[Source "ChessBase"]
[SourceDate "2005.11.24"]
[SourceVersion "1"]
[SourceVersionDate "2005.11.24"]
[SourceQuality "1"]

1. e4 e5 2. Nf3 Nf6 3. Nxe5 d6 4. Nf3 Nxe4 5. d4 d5 6. Bd3 Nc6 7. 0-0 Be7 8. c4 Nb4 9. cxd5 Nxd3 10. Qxd3 Nf6 11. Nc3 0-0 12. Re1 Bb4 13. Bg5 h6 14. Bxf6 Qxf6 15. a3 Bf5 16. Qd2 Bd6 17. Ne5 g5 18. f4 gxf4 19. Qxf4 Qg5 20. Rf1 Qxf4 21. Rxf4 f6 22. Rxf5 fxe5 23. Rxf8+ Rxf8 24. dxe5 Bxe5 25. Rd1 Rf4 26. g3 Rc4 27. Rd3 Kf7 28. Kf2 Kf6 29. Kf3 Kf5 30. Nd1 Rc1 31. Ne3+ Kg6 32. b3 Rc3 33. Rxc3 Bxc3 34. Ke4 h5 35. Ng2 Ba5 36. Nf4+ Kg5 37. h3 Bb6 38. a4 a5 39. Kf3 Kh6 40. Ne6 Kg6 41. Ke4 Kf6 42. h4 c6 43. Nf4 Bf2 44. dxc6 bxc6 45. Nxh5+ Kg6 46. Kf3 Be1 47. Nf4+ Kf6 48. Nd3 Bd2 49. Ke4 Bc3 50. g4 Ke6 51. g5 Bd2 52. Nf4+ Kf7 53. Kf5 1-0